India's international relations / (Record no. 17996)

MARC details
000 -LEADER
fixed length control field 007250000a22002170004500
003 - CONTROL NUMBER IDENTIFIER
control field dpl
005 - DATE AND TIME OF LATEST TRANSACTION
control field 20081031124624.0
008 - FIXED-LENGTH DATA ELEMENTS--GENERAL INFORMATION
fixed length control field 081031t xxu||||| |||| 00| 0 eng d
010 ## - LIBRARY OF CONGRESS CONTROL NUMBER
LC control number ENG-84692
020 ## - INTERNATIONAL STANDARD BOOK NUMBER
International Standard Book Number 8181160312
Terms of availability 695.00 (hb)
035 ## - SYSTEM CONTROL NUMBER
System control number EN-68225
040 ## - CATALOGING SOURCE
Transcribing agency dpl
082 ## - DEWEY DECIMAL CLASSIFICATION NUMBER
Classification number 327.54
100 ## - MAIN ENTRY--PERSONAL NAME
Personal name Kumar, S
245 ## - TITLE STATEMENT
Title India's international relations /
Statement of responsibility, etc by S Kumar
260 ## - PUBLICATION, DISTRIBUTION, ETC. (IMPRINT)
Place of publication, distribution, etc New Delhi
Name of publisher, distributor, etc Maxford Books
Date of publication, distribution, etc 2006
300 ## - PHYSICAL DESCRIPTION
Extent viii,333p
Dimensions 22cm
500 ## - GENERAL NOTE
General note Includes bibliographical references
942 ## - ADDED ENTRY ELEMENTS (KOHA)
Source of classification or shelving scheme Dewey Decimal Classification
Koha item type English Books
Classification part 327.54
Call number suffix KUM
Holdings
Withdrawn status Lost status Source of classification or shelving scheme Damaged status Not for loan Home library Current library Date acquired Cost, normal purchase price Total Checkouts Full call number Barcode Date last seen Copy number Cost, replacement price Price effective from Koha item type
    Dewey Decimal Classification   Not For Loan D.B.Act.Division D.B.Act.Division 12/03/2007 695.00   327.54 KUM EN-68225 04/11/2008 1 695.00 04/11/2008 English Books

© Delhi Public Library
Hit Counter
free hit counter